|
|
|
|
| LEADER |
00000naa2a2200000 4500 |
| 001 |
385354 |
| 005 |
20231101063346.0 |
| 035 |
|
|
|a (RuTPU)RU\TPU\prd\13206
|
| 090 |
|
|
|a 385354
|
| 100 |
|
|
|a 20030429a2003 k y0rusy50 ca
|
| 101 |
0 |
|
|a rus
|
| 102 |
|
|
|a RU
|
| 200 |
1 |
|
|a Экологическая составляющая "Паблик Рилейшнз" (Public Relations)
|a Часть 1. Функции и задачи в системе производственного менеджмента
|f Н. Н. Крупина
|
| 320 |
|
|
|a Библиогр.: 8 назв.
|
| 461 |
|
1 |
|0 (RuTPU)RU\TPU\prd\463
|x 0204-3483
|t Инженерная экология
|o научно-аналитический журнал
|d 1995-
|
| 463 |
|
1 |
|0 (RuTPU)RU\TPU\prd\13054
|t № 2
|v С. 2-14
|d 2003
|
| 610 |
1 |
|
|a менеджмент
|
| 610 |
1 |
|
|a паблик рилейшнз
|
| 610 |
1 |
|
|a двухмерная позиционная матрица
|
| 610 |
1 |
|
|a стратегические ситуации
|
| 610 |
1 |
|
|a обсуждение
|
| 610 |
1 |
|
|a окружающая среда
|
| 610 |
1 |
|
|a природопользование
|
| 700 |
|
1 |
|a Крупина
|b Н. Н.
|
| 801 |
|
1 |
|a RU
|b 63413507
|c 20030429
|g PSBO
|
| 801 |
|
2 |
|a RU
|b 63413507
|c 20130118
|g RCR
|
| 942 |
|
|
|c BK
|